000 00409pab a2200145 454500
008 180718b1997 xxu||||| |||| 00| 0 eng d
100 _aGhosh, Jayati
245 _aIndia's structural adjustment: an assessment in comparative Asian context
260 _c1997
300 _ap.1113-131
362 _a17 & 24 May
650 _astructural adjustment
773 _aEconomic and Political Weekly
909 _a34592
999 _c34592
_d34592